Riassunto delle lezioni sulla coltivazione dell'orto di famiglia e dei fiori d'appartamento alle alunne della Scuola di economia domestica istitutita dal municipio di Brescia

Gespeichert in:
Bibliographische Detailangaben
1. Verfasser: Bianchi, Antonio.
Format: Buch
Sprache:Italienisch
Erschienen: Brescia Tip. F. Apollonio 1912
Katalog:EDISCO:  Suchergebnis im Bibliothekskatalog
Schulbuchspezifische Eigenschaften:
Tags: Tag hinzufügen
Keine Tags, Fügen Sie den ersten Tag hinzu!
Hinzugefügt zu:30.04.2016
Geändert in:04.10.2017

MARC

LEADER 00000aam a22000007 4500
001 20224
003 OSt
005 20171004090419.0
008 160501s1912 it 000 0 ita
040 |c Paola Zonca - Torino - SBN 
041 1 |a ita 
100 1 |a Bianchi, Antonio. 
245 0 0 |a Riassunto delle lezioni sulla coltivazione dell'orto di famiglia e dei fiori d'appartamento alle alunne della Scuola di economia domestica istitutita dal municipio di Brescia 
260 |a Brescia  |b Tip. F. Apollonio  |c 1912 
300 |a 8. p. 25., ;  
901 |a 7 
700 1 |a Bianchi, Antonio. 
942 |2 ddc  |c BK 
546 |a ita 
999 |c 20213  |d 20213 
999 |c edisco:20213  |d 20213